Globalización, cultura y diversidad: una aproximación Latinoamericana /

保存先:
書誌詳細
第一著者: Grompone Grille, Romeo
共著者: Consejo Latinoamericano de Ciencias Sociales, CLACSO ASDI Agencia Sueca de Desarrollo Internacional IEP Instituto de Estudios Peruanos
その他の著者: Prof. Pajuelo Teves, Ramón César Prof. Nova Arismendi, Rafael Fernando Prof
フォーマット: テキスト
出版事項: Buenos Aires: Campo Virtual
版:0
タグ: タグ追加
タグなし, このレコードへの初めてのタグを付けませんか!

MARC

LEADER 00000 a a2200000 04500
001 29904
003
040
090 |a 192005  |b RECURSO ELECTRONICO  
100 |a Grompone Grille, Romeo  
110 |a Consejo Latinoamericano de Ciencias Sociales  
245 |a Globalización, cultura y diversidad: una aproximación Latinoamericana /  |c Consejo Latinoamericano de Ciencias Sociales  
250 |a 0  
260 |a Buenos Aires:   |b Campo Virtual  
500 |a Datos de edición: Arjun Appadurai, La modernidad desbordada. Dimensiones culturales de la globalización. Buenos Aires, FCE, 2001 (1990)  
700 |a Prof.   |a Pajuelo Teves, Ramón César   |a Prof.   |a Nova Arismendi, Rafael Fernando   |a Prof.  
710 |a CLACSO   |a ASDI   |a Agencia Sueca de Desarrollo Internacional   |a IEP   |a Instituto de Estudios Peruanos  
999 |c 14782  |d 14782